[Event "VII Festival Magistrale"]
[Site "Montecatini Terme ITA"]
[Date "1998.08.01"]
[Round "1"]
[White "Drei, Andrea"]
[Black "Dubois, Martine"]
[Result "1-0"]
[WhiteElo "2340"]
[BlackElo "2045"]
[PlyCount "53"]
[EventDate "1998.08.01"]

1.e4 Nf6 2.e5 Nd5 3.d4 d6 4.Nf3 c6 5.c4 Nc7 6.exd6 Qxd6 7.Bd3 Bg4 8.Nc3 
Bxf3 9.Qxf3 Qxd4 10.O-O Nd7 11.Be2 Qf6 12.Qg3 Ne6 13.Be3 Qg6 14.Qh3 h5 15.
Rad1 Qh7 16.f4 f5 17.Ne4 g6 18.Rd2 Bh6 19.Rfd1 Nb6 20.Ng5 Bxg5 21.fxg5 Kf7
22.c5 Nd5 23.Bc4 Qg7 24.Bxd5 cxd5 25.Rxd5 Qxb2 26.Rxf5+ Ke8 27.Rfd5 1-0

[Event "VII Festival Magistrale"]
[Site "Montecatini Terme ITA"]
[Date "1998.08.01"]
[Round "1"]
[White "Dreyer, Andre"]
[Black "Jurkovic, Ante"]
[Result "0-1"]
[WhiteElo "2030"]
[BlackElo "2315"]
[PlyCount "62"]
[EventDate "1998.08.01"]

1.d4 Nf6 2.c4 g6 3.Nc3 Bg7 4.e4 d6 5.f3 O-O 6.Be3 Nc6 7.Qd2 a6 8.g4 e5 9.
d5 Nd4 10.h4 c5 11.h5 Bd7 12.Bd3 b5 13.cxb5 axb5 14.Bxd4 exd4 15.Nxb5 Qe7 
16.Ne2 Rfb8 17.Na3 Bc8 18.hxg6 hxg6 19.Nc4 Ba6 20.b3 Bxc4 21.bxc4 Nd7 22.
O-O Ne5 23.Nc1 Ra3 24.Nb3 Qh4 25.Kg2 Bh6 26.Qe2 Bf4 27.Rh1 Qg3+ 28.Kf1 
Rbxb3 29.Rg1 Qh3+ 30.Rg2 Rxd3 31.Rb1 Rxf3+ 0-1

[Event "VII Festival Magistrale"]
[Site "Montecatini Terme ITA"]
[Date "1998.08.01"]
[Round "1"]
[White "Efimov, Igor"]
[Black "Dekker, Bart"]
[Result "1-0"]
[WhiteElo "2530"]
[BlackElo "2195"]
[PlyCount "72"]
[EventDate "1998.08.01"]

1.c4 g6 2.d4 Nf6 3.Nc3 Bg7 4.e4 d6 5.f4 O-O 6.Nf3 c5 7.dxc5 Qa5 8.Bd2 Qxc5
9.Qe2 Bg4 10.O-O-O Nc6 11.h3 Nd4 12.Qd3 Bxf3 13.gxf3 e5 14.f5 Rac8 15.Kb1 
Qc6 16.h4 Kh8 17.h5 gxh5 18.Nd5 Qe8 19.Nxf6 Bxf6 20.Rxh5 Rg8 21.f4 Rg7 22.
fxe5 dxe5 23.Bh6 Rg1 24.Qh3 Qg8 25.Be3 Qg4 26.Rxh7+ Kg8 27.Qxg4+ Rxg4 28.
Rh3 Rxe4 29.Bg2 Rg4 30.Bd5 Nxf5 31.Bxa7 Ne7 32.Rb3 Nxd5 33.cxd5 Rc7 34.Rb6
Bg5 35.Bb8 Rd7 36.Bxe5 Rg2 1-0

[Event "VII Festival Magistrale"]
[Site "Montecatini Terme ITA"]
[Date "1998.08.01"]
[Round "1"]
[White "Everet, Alexandro"]
[Black "Ricci, Alfredo"]
[Result "1-0"]
[WhiteElo "2260"]
[BlackElo "1962"]
[PlyCount "69"]
[EventDate "1998.08.01"]

1.e4 c5 2.b3 Nc6 3.Bb2 d5 4.exd5 Qxd5 5.Nc3 Qd8 6.Nf3 Nf6 7.Bb5 Bg4 8.
Bxc6+ bxc6 9.Qe2 e6 10.O-O-O Be7 11.h3 Bh5 12.g4 Bg6 13.Ne5 Qc7 14.h4 Nd7 
15.Nxd7 f6 16.Nxc5 Bxc5 17.Qxe6+ Kf8 18.Na4 Bd6 19.h5 Re8 20.Qc4 Bf7 21.
Qd3 h6 22.c4 Rg8 23.Rhe1 Rd8 24.Qf5 Qc8 25.Qxc8 Rxc8 26.Nc3 Be8 27.Ne4 Be7
28.Ng3 g6 29.Re3 Bd7 30.Rde1 Bd8 31.Ne4 Bxg4 32.Nd6 Rb8 33.Re8+ Kg7 34.
R1e7+ Bxe7 35.Rxe7+ 1-0

[Event "VII Festival Magistrale"]
[Site "Montecatini Terme ITA"]
[Date "1998.08.01"]
[Round "1"]
[White "Faccia, Sergio"]
[Black "Guido, Flavio"]
[Result "0-1"]
[WhiteElo "2075"]
[BlackElo "2355"]
[PlyCount "71"]
[EventDate "1998.08.01"]

1.e4 c5 2.b4 cxb4 3.Bb2 d5 4.exd5 Qxd5 5.c4 bxc3 6.Nxc3 Qd8 7.d4 Nf6 8.Nf3
e6 9.Bc4 Be7 10.O-O O-O 11.Re1 Nc6 12.a3 a6 13.Bb3 Na5 14.Ba2 b5 15.Qe2 
Bb7 16.Ng5 Nc4 17.Bxc4 bxc4 18.Qxc4 Rc8 19.Qe2 h6 20.Nge4 Nxe4 21.Nxe4 Qd5
22.Rad1 f5 23.f3 fxe4 24.fxe4 Qb5 25.Qd2 Bg5 26.Qe2 Qxe2 27.Rxe2 Rc7 28.d5
exd5 29.exd5 Rd7 30.d6 Bf4 31.a4 Rxd6 32.Rb1 Rd7 33.Ba3 Rfd8 34.Ree1 Bd2 
35.Rf1 Be4 36.Rb6 0-1

[Event "VII Festival Magistrale"]
[Site "Montecatini Terme ITA"]
[Date "1998.08.01"]
[Round "1"]
[White "Fassio, Luca"]
[Black "De Bortoli, Peter"]
[Result "0-1"]
[WhiteElo "1900"]
[BlackElo "2215"]
[PlyCount "92"]
[EventDate "1998.08.01"]

1.e4 c5 2.c3 d5 3.exd5 Qxd5 4.d4 Nc6 5.Nf3 Bg4 6.Be2 cxd4 7.cxd4 e6 8.Nc3 
Qd6 9.O-O Nf6 10.Be3 Be7 11.Qd2 O-O 12.Rac1 Rac8 13.Rfd1 Nb4 14.h3 Bh5 15.
Bf4 Qd8 16.Be5 Nbd5 17.Nh2 Bxe2 18.Qxe2 Qa5 19.Nxd5 Qxd5 20.b3 Ne4 21.Qd3 
Ba3 22.Rc2 Rfd8 23.Nf3 Rc6 24.Nd2 Qxe5 25.Nxe4 Qd5 26.Rxc6 Qxc6 27.Nd2 Be7
28.Nf3 Bf6 29.Qc4 Qd7 30.Rc1 g6 31.Qc7 Bxd4 32.Nxd4 Qxd4 33.Qxb7 Rd7 34.
Qc8+ Kg7 35.Qc3 e5 36.Qxd4 exd4 37.f4 Kf6 38.Rd1 Kf5 39.g3 Ke4 40.Kf2 Rc7 
41.Rd2 d3 42.Ke1 Rc1+ 43.Kf2 Rc2 44.Ke1 Ke3 45.Rd1 Rh2 46.Kf1 Rh1+ 0-1

[Event "VII Festival Magistrale"]
[Site "Montecatini Terme ITA"]
[Date "1998.08.01"]
[Round "1"]
[White "Frank, Albert"]
[Black "Corvi, Marco"]
[Result "0-1"]
[WhiteElo "2020"]
[BlackElo "2305"]
[PlyCount "88"]
[EventDate "1998.08.01"]

1.c4 f5 2.Nc3 Nf6 3.g3 g6 4.Bg2 Bg7 5.Nh3 e5 6.d4 d6 7.dxe5 dxe5 8.Qxd8+ 
Kxd8 9.Ng5 Ke8 10.Nb5 Na6 11.Be3 h6 12.Nh3 c6 13.Nd6+ Ke7 14.O-O-O g5 15.
f3 Be6 16.Nxb7 Bxc4 17.b3 Nd5 18.Bc5+ Nxc5 19.bxc4 Nxb7 20.cxd5 cxd5 21.
Rxd5 Rhc8+ 22.Kd2 Nd6 23.e4 Rab8 24.Rd1 Rb2+ 25.Ke1 Rxg2 26.Rxd6 Rxh2 27.
Rd7+ Kf8 28.Nf2 f4 29.gxf4 exf4 30.Rd8+ Rxd8 31.Rxd8+ Ke7 32.Rd5 Ke6 33.a4
Rg2 34.Kf1 Rg3 35.Ke2 h5 36.Ra5 Bd4 37.Ra6+ Kf7 38.Nd3 Rg2+ 39.Ke1 h4 40.
e5 h3 41.e6+ Ke7 42.Kf1 Rg1+ 43.Ke2 h2 44.Nb4 h1=Q 0-1

[Event "VII Festival Magistrale"]
[Site "Montecatini Terme ITA"]
[Date "1998.08.01"]
[Round "1"]
[White "Friedrich, Norbert"]
[Black "Di Lazzaro, Gabriele"]
[Result "1-0"]
[WhiteElo "2295"]
[BlackElo "2005"]
[PlyCount "67"]
[EventDate "1998.08.01"]

1.e4 g6 2.d4 Bg7 3.Nf3 d6 4.Be2 Nf6 5.Nc3 O-O 6.O-O c6 7.Re1 Qc7 8.Bf4 Nh5
9.Bg5 b5 10.Qd2 Bb7 11.Rad1 b4 12.Na4 a5 13.e5 Na6 14.g4 f6 15.Be3 c5 16.
e6 Qc6 17.b3 Qe4 18.h3 cxd4 19.Qxd4 f5 20.Qxe4 fxe4 21.Nd4 Nf4 22.Nb6 
Nxe2+ 23.Rxe2 Ra7 24.Nb5 Raa8 25.Nxa8 Rxa8 26.Bd4 Bf8 27.c4 bxc3 28.Nxc3 
d5 29.a3 Nc7 30.Bb6 Nxe6 31.Be3 Rc8 32.Nxd5 Nd8 33.Rd4 e6 34.Nf6+ 1-0

[Event "VII Festival Magistrale"]
[Site "Montecatini Terme ITA"]
[Date "1998.08.01"]
[Round "1"]
[White "Genocchio, Daniele"]
[Black "Farago, Ivan"]
[Result "1/2-1/2"]
[WhiteElo "2195"]
[BlackElo "2530"]
[PlyCount "95"]
[EventDate "1998.08.01"]

1.e4 c5 2.c3 d5 3.exd5 Qxd5 4.d4 Nf6 5.Nf3 Bg4 6.Be2 e6 7.O-O Be7 8.h3 Bh5
9.c4 Qd7 10.Be3 Nc6 11.g4 Bg6 12.Ne5 Nxe5 13.dxe5 Qxd1 14.Rxd1 Nd7 15.f4 
h5 16.Bf3 O-O-O 17.Nc3 hxg4 18.hxg4 f6 19.exf6 Bxf6 20.Ne4 Bxb2 21.Rab1 
Nf6 22.Rxd8+ Rxd8 23.f5 Nxe4 24.Bxe4 exf5 25.Bxb7+ Kxb7 26.Rxb2+ Ka6 27.
gxf5 Bxf5 28.Bxc5 Rc8 29.Bd4 g5 30.c5 Rd8 31.Be3 g4 32.Bf4 Rd4 33.Bd6 Be6 
34.Rc2 Ra4 35.c6 Rxa2 36.Rxa2+ Bxa2 37.c7 Be6 38.Kf2 Kb5 39.Ke2 Kc4 40.Kd2
Kb3 41.Kc1 Ka2 42.Kc2 Bf5+ 43.Kc1 a5 44.Bg3 a4 45.Bd6 a3 46.Bg3 Kb3 47.
c8=Q Bxc8 48.Kb1 1/2-1/2

[Event "VII Festival Magistrale"]
[Site "Montecatini Terme ITA"]
[Date "1998.08.01"]
[Round "1"]
[White "Godena, Michele"]
[Black "Gaido, Paolo"]
[Result "1-0"]
[WhiteElo "2510"]
[BlackElo "2185"]
[PlyCount "63"]
[EventDate "1998.08.01"]

1.e4 d6 2.d4 Nf6 3.Nc3 g6 4.g3 Bg7 5.Bg2 O-O 6.Nge2 e5 7.h3 c6 8.a4 Na6 9.
Be3 Be6 10.O-O Bc4 11.a5 Qe7 12.Re1 Bxe2 13.Qxe2 Nd7 14.Red1 exd4 15.Bxd4 
Bxd4 16.Rxd4 Ndc5 17.Qc4 Rfd8 18.b4 Ne6 19.Rd3 Nac7 20.Rad1 a6 21.Na4 Ne8 
22.Nb6 Rab8 23.Qc3 N6c7 24.Qd2 Nb5 25.c4 Nbc7 26.c5 d5 27.exd5 cxd5 28.
Nxd5 Nxd5 29.Rxd5 Rxd5 30.Qxd5 Kf8 31.Kf1 Nf6 32.Qd6 1-0

[Event "VII Festival Magistrale"]
[Site "Montecatini Terme ITA"]
[Date "1998.08.01"]
[Round "1"]
[White "Gorgs, Alfred"]
[Black "Ovsejevitsch, Sergei"]
[Result "0-1"]
[WhiteElo "2185"]
[BlackElo "2500"]
[PlyCount "36"]
[EventDate "1998.08.01"]

1.e4 c5 2.Nf3 d6 3.d4 cxd4 4.Nxd4 Nf6 5.Nc3 g6 6.Be2 Bg7 7.Be3 Nc6 8.Nb3 
O-O 9.f4 a6 10.g4 b5 11.Bf3 b4 12.Nd5 Nd7 13.Nd4 Bxd4 14.Bxd4 e6 15.e5 
exd5 16.Bxd5 Bb7 17.O-O dxe5 18.fxe5 Ndxe5 0-1

[Event "VII Festival Magistrale"]
[Site "Montecatini Terme ITA"]
[Date "1998.08.01"]
[Round "1"]
[White "Greenfeld, Alon"]
[Black "Cecconi, Giovanni Alberto"]
[Result "1-0"]
[WhiteElo "2535"]
[BlackElo "2200"]
[PlyCount "67"]
[EventDate "1998.08.01"]

1.d4 f5 2.Nc3 d5 3.e4 dxe4 4.Bf4 e6 5.f3 exf3 6.Nxf3 Nf6 7.Bc4 Bd6 8.Qd2 
O-O 9.O-O c6 10.Rae1 Nd5 11.Be5 Bxe5 12.Rxe5 b5 13.Bd3 b4 14.Na4 Nd7 15.
Ree1 a5 16.Ng5 N7b6 17.Nc5 Nc7 18.c3 Rf6 19.Kh1 Qe8 20.Qf4 Ra7 21.Bc2 a4 
22.b3 bxc3 23.bxa4 h6 24.Nf3 Qd8 25.Ne5 Qd6 26.Ng4 Qxf4 27.Nxf6+ gxf6 28.
Rxf4 Ncd5 29.Rf3 Kf7 30.Bb3 Re7 31.a5 Nd7 32.Bxd5 Nxc5 33.Bxc6 Rc7 34.Rxc3
1-0

[Event "VII Festival Magistrale"]
[Site "Montecatini Terme ITA"]
[Date "1998.08.01"]
[Round "1"]
[White "Held, Markus"]
[Black "Ciotoli, Patrizio"]
[Result "1-0"]
[WhiteElo "2245"]
[BlackElo "1947"]
[PlyCount "93"]
[EventDate "1998.08.01"]

1.e4 d5 2.exd5 Qxd5 3.Nc3 Qa5 4.d4 Nf6 5.Nf3 Bg4 6.h3 Bxf3 7.Qxf3 c6 8.Bd2
e6 9.Bc4 Bb4 10.O-O-O Nd5 11.Ne4 Bxd2+ 12.Rxd2 O-O 13.Bb3 Qc7 14.c4 Ne7 
15.Bc2 Nd7 16.g4 c5 17.d5 exd5 18.cxd5 Ng6 19.d6 Qa5 20.Nc3 b5 21.Qc6 b4 
22.Qb5 Qxb5 23.Nxb5 Rab8 24.Nc7 Rfd8 25.Nd5 Nb6 26.Bxg6 hxg6 27.Ne7+ Kf8 
28.Nc6 Rbc8 29.Nxd8 Rxd8 30.Re1 g5 31.b3 f6 32.Re7 Nd7 33.Kc2 a6 34.Rd5 
Kg8 35.Re1 Ne5 36.Rxc5 Rxd6 37.Rd1 Rb6 38.Rc7 Kh7 39.Rd8 Re6 40.Rb8 a5 41.
Rbb7 Kh8 42.Rxg7 Rc6+ 43.Kd1 Rd6+ 44.Ke2 Nc6 45.Rgc7 Nd4+ 46.Ke3 Rd8 47.
Rd7 1-0

[Event "VII Festival Magistrale"]
[Site "Montecatini Terme ITA"]
[Date "1998.08.01"]
[Round "1"]
[White "Horvath, Jozsef"]
[Black "Marchini, Massimo"]
[Result "1-0"]
[WhiteElo "2530"]
[BlackElo "2195"]
[PlyCount "81"]
[EventDate "1998.08.01"]

1.d4 Nf6 2.Nf3 g6 3.c4 Bg7 4.g3 O-O 5.Bg2 d6 6.O-O c6 7.Nc3 Nbd7 8.e4 e5 
9.Rb1 exd4 10.Nxd4 a5 11.h3 Re8 12.Re1 Nc5 13.Bf4 Nh5 14.Be3 Ne6 15.Nde2 
f5 16.exf5 gxf5 17.Qd2 Rf8 18.f4 Rf7 19.Rbd1 Bf8 20.g4 Nf6 21.g5 Nh5 22.
Bf3 Nhg7 23.Ng3 Bd7 24.h4 Be7 25.Bf2 Qc7 26.h5 h6 27.g6 Rff8 28.Bg2 Rfe8 
29.Na4 Bf8 30.b3 Rab8 31.Bb6 Qc8 32.Bxa5 d5 33.Bb6 c5 34.cxd5 Nd4 35.Rxe8 
Nxe8 36.Rc1 Bxa4 37.bxa4 Qd7 38.Bxc5 Bxc5 39.Rxc5 Qxa4 40.Qe1 Qa3 41.Qe7 
1-0

[Event "VII Festival Magistrale"]
[Site "Montecatini Terme ITA"]
[Date "1998.08.01"]
[Round "1"]
[White "Koroveshi, Thoma"]
[Black "Nannelli, Paolo"]
[Result "1/2-1/2"]
[WhiteElo "1993"]
[BlackElo "2265"]
[PlyCount "62"]
[EventDate "1998.08.01"]

1.d4 e6 2.c4 f5 3.Nf3 Nf6 4.g3 Be7 5.Bg2 d6 6.O-O O-O 7.Nc3 Qe8 8.Qc2 Qh5 
9.b4 Nc6 10.b5 Nd8 11.a4 Nf7 12.Ba3 g5 13.a5 Rb8 14.e4 fxe4 15.Nxe4 Nxe4 
16.Qxe4 Bf6 17.g4 Qh6 18.c5 Bd7 19.Rab1 e5 20.c6 bxc6 21.bxc6 Rxb1 22.Rxb1
Bc8 23.d5 Nh8 24.Bc1 Ng6 25.Rb8 Qg7 26.Nxg5 Qh6 27.f4 Nxf4 28.Bxf4 Bxg5 
29.Rxc8 Bxf4 30.Rxf8+ Qxf8 31.g5 Kg7 1/2-1/2

[Event "VII Festival Magistrale"]
[Site "Montecatini Terme ITA"]
[Date "1998.08.01"]
[Round "1"]
[White "Krupkova, Petra"]
[Black "Marta, Daniele"]
[Result "1-0"]
[WhiteElo "2315"]
[BlackElo "2030"]
[PlyCount "81"]
[EventDate "1998.08.01"]

1.e4 e6 2.d4 d5 3.Nc3 Bb4 4.exd5 exd5 5.Bd3 Nc6 6.a3 Be7 7.Be3 Nf6 8.h3 
Be6 9.Qf3 Qd7 10.Nge2 O-O-O 11.O-O-O Kb8 12.Ng3 g6 13.Bb5 Ne8 14.Ba4 h5 
15.Kb1 h4 16.Nge2 Rh5 17.Nf4 Rf5 18.Qe2 a6 19.g4 hxg3 20.fxg3 Qd6 21.Qg2 
Na5 22.Bc1 Nc4 23.Nce2 Qb6 24.Ka2 Qa5 25.Bxe8 Rxe8 26.Nxe6 fxe6 27.Nf4 
Ref8 28.Rhf1 R5f6 29.Qe2 Qb6 30.c3 Qd6 31.Qd3 g5 32.Ng6 Rxf1 33.Rxf1 Rxf1 
34.Qxf1 Bd8 35.Qf7 Qxg3 36.Qe8 Qd6 37.Bxg5 Qb6 38.Qxd8+ Ka7 39.Bc1 a5 40.
Qe7 a4 41.Qc5 1-0

[Event "VII Festival Magistrale"]
[Site "Montecatini Terme ITA"]
[Date "1998.08.01"]
[Round "1"]
[White "Laketic, Gojko"]
[Black "Vita, Fabrizio"]
[Result "1/2-1/2"]
[WhiteElo "2390"]
[BlackElo "2135"]
[PlyCount "29"]
[EventDate "1998.08.01"]

1.d4 Nf6 2.c4 g6 3.Nc3 d5 4.Nf3 Bg7 5.Qb3 dxc4 6.Qxc4 O-O 7.e4 a6 8.Bf4 b5
9.Qxc7 Qxc7 10.Bxc7 Bb7 11.e5 Nd5 12.Nxd5 Bxd5 13.Be2 Rc8 14.Ba5 Nc6 15.
Bc3 1/2-1/2

[Event "VII Festival Magistrale"]
[Site "Montecatini Terme ITA"]
[Date "1998.08.01"]
[Round "1"]
[White "Mambrini, Augusto"]
[Black "Rotstein, Arkadij"]
[Result "0-1"]
[WhiteElo "2190"]
[BlackElo "2515"]
[PlyCount "44"]
[EventDate "1998.08.01"]

1.d4 Nf6 2.Bf4 c5 3.e3 g6 4.Be2 Bg7 5.c3 O-O 6.h3 b6 7.Nf3 Bb7 8.Nbd2 d6 
9.O-O Nc6 10.Bh2 Re8 11.a4 cxd4 12.exd4 e5 13.dxe5 dxe5 14.Nc4 Nd5 15.Qd2 
Qe7 16.Rad1 Rad8 17.Qc2 e4 18.Nfd2 e3 19.Nf3 Ba6 20.Rde1 exf2+ 21.Rxf2 Qc5
22.Qb3 Rxe2 0-1

[Event "VII Festival Magistrale"]
[Site "Montecatini Terme ITA"]
[Date "1998.08.01"]
[Round "1"]
[White "Maric, Alisa"]
[Black "Sebastianelli, Dario"]
[Result "1-0"]
[WhiteElo "2480"]
[BlackElo "2180"]
[PlyCount "151"]
[EventDate "1998.08.01"]

1.Nf3 Nf6 2.c4 e6 3.Nc3 d5 4.d4 b6 5.cxd5 exd5 6.Bg5 Bb7 7.e3 Nbd7 8.Bd3 
Be7 9.O-O Ne4 10.Bxe7 Qxe7 11.Nb5 Ndf6 12.Ne5 c6 13.f3 Nd6 14.Nxd6+ Qxd6 
15.Qc2 O-O 16.Rac1 h6 17.Qf2 c5 18.Bb1 cxd4 19.exd4 Rac8 20.Bf5 Rc7 21.Qd2
Bc8 22.Rxc7 Qxc7 23.Rc1 Qb7 24.Bd3 Be6 25.b4 Rc8 26.b5 Rc7 27.Rc3 Nd7 28.
Nc6 Nb8 29.Qf4 Nxc6 30.Qd6 Bd7 31.bxc6 Rxc6 32.Qxd5 Qc7 33.Bg6 Be8 34.Rxc6
Qxc6 35.Bxf7+ Kf8 36.Qxc6 Bxc6 37.Bb3 Ke7 38.Kf2 Kd6 39.Ke3 g5 40.g3 Bb7 
41.Bf7 Ba8 42.Bb3 Bc6 43.f4 b5 44.a3 a5 45.f5 Ke7 46.d5 Be8 47.Kd4 Kd6 48.
Bc2 Bf7 49.Be4 Bh5 50.h3 Be8 51.Bd3 Bd7 52.g4 Be8 53.Be2 Bd7 54.Bd3 Be8 
55.f6 Bf7 56.Bxb5 Bxd5 57.Bc4 Bg2 58.f7 Ke7 59.Ke3 Bc6 60.Kf2 Be4 61.Ba2 
Bc6 62.Kg3 Bb7 63.h4 Bc6 64.hxg5 hxg5 65.Be6 Be4 66.Kf2 Bb1 67.Ke3 a4 68.
Kd4 Bc2 69.Kc3 Bd1 70.Kb4 Kf8 71.Kc3 Kg7 72.Kd3 Kf8 73.Ke4 Bc2+ 74.Ke5 Ke7
75.f8=Q+ Kxf8 76.Kf6 1-0

[Event "VII Festival Magistrale"]
[Site "Montecatini Terme ITA"]
[Date "1998.08.01"]
[Round "1"]
[White "Marzano, Carlo"]
[Black "Jansa, Vlastimil"]
[Result "0-1"]
[WhiteElo "2185"]
[BlackElo "2490"]
[PlyCount "100"]
[EventDate "1998.08.01"]

1.d4 Nf6 2.Nf3 g6 3.c4 Bg7 4.Nc3 d5 5.cxd5 Nxd5 6.e4 Nxc3 7.bxc3 c5 8.Be3 
Qa5 9.Qd2 Nc6 10.Rc1 cxd4 11.cxd4 Qxd2+ 12.Kxd2 O-O 13.d5 Rd8 14.Ke1 Nb4 
15.Bd2 Na6 16.Bd3 e6 17.Bxa6 bxa6 18.Ba5 Re8 19.d6 Bd7 20.Bc7 Rec8 21.Kd1 
Ba4+ 22.Ke2 Bb5+ 23.Kd1 Kf8 24.Re1 Ke8 25.e5 Ba4+ 26.Ke2 Bh6 27.Rb1 Bb5+ 
28.Kd1 Bc6 29.Ke2 Bd5 30.a3 Kd7 31.g3 Bg7 32.h4 Rf8 33.Rb4 f6 34.exf6 Bxf6
35.Rf4 Bc3 36.Rd1 Rf5 37.Rxf5 gxf5 38.Ke3 Rg8 39.Ng5 h6 40.Nf3 Rg4 41.Bb8 
Re4+ 42.Kd3 Bf6 43.Rc1 Bc6 44.Rc5 Ra4 45.Ne5+ Bxe5 46.Rxe5 Rxa3+ 47.Kd2 a5
48.Rc5 Rb3 49.Bc7 a4 50.Ra5 Rb7 0-1

[Event "VII Festival Magistrale"]
[Site "Montecatini Terme ITA"]
[Date "1998.08.01"]
[Round "1"]
[White "Menoni, Vincenzo"]
[Black "Iudicello, Giovanni"]
[Result "1-0"]
[WhiteElo "2285"]
[BlackElo "2098"]
[PlyCount "133"]
[EventDate "1998.08.01"]

1.e4 e5 2.f4 Bc5 3.Nf3 d6 4.c3 Nf6 5.fxe5 dxe5 6.d4 exd4 7.cxd4 Bb4+ 8.Bd2
Bxd2+ 9.Nbxd2 O-O 10.Bd3 Nc6 11.Qa4 Bd7 12.Qb3 Bg4 13.d5 Na5 14.Qc3 Bxf3 
15.gxf3 b6 16.b4 Nb7 17.Rc1 Ne8 18.Ba6 Rb8 19.O-O Nbd6 20.Bd3 Qg5+ 21.Kh1 
f6 22.f4 Qh5 23.Qc2 g6 24.Nf3 Rf7 25.Nd4 Ng7 26.Qg2 Kh8 27.Be2 Qh4 28.Rc3 
Qh6 29.Rh3 Nh5 30.Bxh5 gxh5 31.Qf3 h4 32.Ne6 Rg8 33.Qe2 Qg6 34.Re1 Qg4 35.
Qxg4 Rxg4 36.e5 fxe5 37.fxe5 Nc4 38.Rc3 b5 39.Nd8 Rf2 40.e6 Nd6 41.Rg1 
Rxb4 42.Rxc7 h5 43.Nf7+ Nxf7 44.exf7 Rg4 45.Re1 Kg7 46.d6 Rxf7 47.Rg1 Kf8 
48.Rc8+ Kg7 49.Rd1 Rd7 50.Rc5 Rg6 51.Rc7 Rxc7 52.dxc7 Rc6 53.Rd7+ Kg6 54.
Rd6+ Rxd6 55.c8=Q Rf6 56.Qe8+ Kh6 57.Qxb5 a6 58.Qe5 Rg6 59.Qh8+ Kg5 60.Kg2
Kg4 61.Qd4+ Kg5 62.Kh3 Kh6 63.Qxh4 Rg4 64.Qf6+ Rg6 65.Qe5 Rg4 66.Qe3+ Kh7 
67.Qa7+ 1-0

[Event "VII Festival Magistrale"]
[Site "Montecatini Terme ITA"]
[Date "1998.08.01"]
[Round "1"]
[White "Niederstaetter, Harald"]
[Black "Mariotti, Sergio"]
[Result "0-1"]
[WhiteElo "2100"]
[BlackElo "2365"]
[PlyCount "53"]
[EventDate "1998.08.01"]

1.c4 e5 2.Nc3 Nf6 3.g3 c6 4.Nf3 d6 5.Bg2 Be7 6.d3 Nbd7 7.Rb1 d5 8.cxd5 
cxd5 9.d4 e4 10.Ne5 O-O 11.O-O Nb6 12.f3 exf3 13.exf3 Bf5 14.Ra1 Nfd7 15.
Re1 Nxe5 16.Rxe5 Be6 17.Re1 Rc8 18.Be3 Nc4 19.b3 Bb4 20.Rc1 Nxe3 21.Rxe3 
Qa5 22.Ne2 Bd2 23.Rxe6 Rxc1 24.Nxc1 fxe6 25.Bh3 Re8 26.a4 e5 27.Ne2 0-1

[Event "VII Festival Magistrale"]
[Site "Montecatini Terme ITA"]
[Date "1998.08.01"]
[Round "1"]
[White "Ortega, Lexy"]
[Black "Castaldo, Folco"]
[Result "1-0"]
[WhiteElo "2490"]
[BlackElo "2180"]
[PlyCount "97"]
[EventDate "1998.08.01"]

1.d4 Nf6 2.c4 e6 3.Nc3 Bb4 4.e3 c5 5.Bd3 Nc6 6.Ne2 cxd4 7.exd4 d5 8.cxd5 
Nxd5 9.O-O O-O 10.a3 Be7 11.Bc2 Nf6 12.Qd3 b6 13.Rd1 g6 14.Bb3 Bb7 15.Qh3 
Na5 16.Ba2 Bd5 17.Nxd5 Nxd5 18.Nf4 Qd6 19.Qf3 Rfd8 20.Nxd5 exd5 21.Bf4 Qd7
22.Rac1 Nc6 23.Bxd5 Qxd5 24.Rxc6 Qxf3 25.gxf3 Rd7 26.d5 Rad8 27.d6 f5 28.
Be5 Kf7 29.Kg2 Bf8 30.f4 Ke6 31.Rc7 g5 32.h3 h6 33.a4 Bxd6 34.Rxd6+ Rxd6 
35.Bxd6 Rxd6 36.Rxa7 gxf4 37.Kf3 Rd3+ 38.Kxf4 Rxh3 39.Ra6 Rh4+ 40.Kf3 Rb4 
41.a5 Rb3+ 42.Kf4 Rb4+ 43.Kg3 Ke5 44.Rxb6 Rg4+ 45.Kh3 Rf4 46.Rb3 Rxf2 47.
a6 Rf1 48.a7 Ra1 49.Ra3 1-0

[Event "VII Festival Magistrale"]
[Site "Montecatini Terme ITA"]
[Date "1998.08.01"]
[Round "1"]
[White "Pegoraro, Nicola"]
[Black "Dorin, Mauricio"]
[Result "0-1"]
[WhiteElo "2095"]
[BlackElo "2360"]
[PlyCount "140"]
[EventDate "1998.08.01"]

1.e4 c5 2.Nf3 e6 3.d4 cxd4 4.Nxd4 a6 5.Nc3 b5 6.Bd3 Bb7 7.O-O Nc6 8.Nxc6 
Bxc6 9.Qe2 Bc5 10.Be3 Qb6 11.Nd5 Bxd5 12.Bxc5 Qxc5 13.exd5 Nf6 14.dxe6 
fxe6 15.a4 Rb8 16.axb5 axb5 17.Bxb5 O-O 18.c4 Rf7 19.Rab1 Qb4 20.Qe1 Qc5 
21.b4 Qf5 22.Qe2 Rbf8 23.f3 g5 24.Ba4 Qf4 25.Qd3 Qc7 26.c5 Nd5 27.Bc2 Rg7 
28.Rb3 Rf4 29.Rfb1 Nxb4 30.Qc3 Nd5 31.Rb8+ Rf8 32.Rxf8+ Kxf8 33.Qa3 Kf7 
34.Be4 Qe5 35.Rd1 Nf6 36.Qa7 Nxe4 37.fxe4 Kg6 38.Rxd7 Rxd7 39.Qxd7 Qxc5+ 
40.Kf1 Qc4+ 41.Kf2 Qxe4 42.Qe8+ Kf6 43.Qf8+ Kg6 44.Qg8+ Kh5 45.Qf7+ Qg6 
46.Qf3+ Kh6 47.Qf8+ Qg7 48.Qe8 Qf6+ 49.Kg1 Kg7 50.Qd7+ Kg6 51.Qe8+ Qf7 52.
Qb8 Kg7 53.h3 h5 54.Qe5+ Qf6 55.Qc7+ Kg6 56.Qc2+ Kh6 57.Qc8 g4 58.hxg4 
hxg4 59.Qc1+ Kh5 60.Qe3 e5 61.Qd3 Kg5 62.Qd2+ Kg6 63.Qd3+ Qf5 64.Qd6+ Kh5 
65.Qb8 g3 66.Qh8+ Kg5 67.Qg8+ Kf4 68.Qb3 Qe4 69.Qf7+ Ke3 70.Qb3+ Qd3 0-1

[Event "VII Festival Magistrale"]
[Site "Montecatini Terme ITA"]
[Date "1998.08.01"]
[Round "1"]
[White "Pilla, Giuseppe"]
[Black "Luciani, Valerio"]
[Result "0-1"]
[WhiteElo "1923"]
[BlackElo "2230"]
[PlyCount "72"]
[EventDate "1998.08.01"]

1.e4 e6 2.d4 d5 3.exd5 exd5 4.c4 Nc6 5.Be3 Nf6 6.Nc3 Be7 7.h3 Be6 8.Qa4 
O-O 9.Nf3 a6 10.c5 Ne8 11.Be2 Bf6 12.O-O g6 13.Rad1 Ng7 14.Bf4 Nf5 15.Rfe1
Bg7 16.Bf1 h6 17.g4 Nfe7 18.Bg2 g5 19.Bg3 Ng6 20.Ne2 Qd7 21.Nc3 Rad8 22.
Re2 Rfe8 23.Rde1 Kf8 24.b4 Bxd4 25.b5 Bxc3 26.bxc6 bxc6 27.Rc1 Bg7 28.Nd4 
a5 29.Nxc6 Ne7 30.Qxa5 Nxc6 31.Qxc7 Nd4 32.Ree1 Qxc7 33.Bxc7 Rc8 34.Bd6+ 
Kg8 35.Rcd1 Red8 36.Rd2 Nb5 0-1

[Event "VII Festival Magistrale"]
[Site "Montecatini Terme ITA"]
[Date "1998.08.01"]
[Round "1"]
[White "Riccio, Eros"]
[Black "Martinez Martin, David"]
[Result "0-1"]
[WhiteElo "2104"]
[BlackElo "2285"]
[PlyCount "106"]
[EventDate "1998.08.01"]

1.e4 c5 2.Nc3 Nc6 3.g3 g6 4.Bg2 Bg7 5.d3 e6 6.Be3 d6 7.Qd2 Rb8 8.Nge2 Nd4 
9.Nd1 Nxe2 10.Qxe2 Ne7 11.Qd2 O-O 12.Bh6 e5 13.O-O Be6 14.Bxg7 Kxg7 15.Ne3
d5 16.exd5 Nxd5 17.Nxd5 Bxd5 18.Qe3 Bxg2 19.Kxg2 Qd5+ 20.Qe4 Rbd8 21.Rae1 
f5 22.Qxd5 Rxd5 23.f4 exf4 24.Rxf4 Kf6 25.Rf2 Re5 26.Rxe5 Kxe5 27.Re2+ Kf6
28.h4 b5 29.Kf3 Rd8 30.Re3 b4 31.Re2 Rd6 32.Re1 Ra6 33.Ra1 h6 34.Kf4 Ra4 
35.Kf3 g5 36.hxg5+ hxg5 37.Kf2 g4 38.Ke2 Kg5 39.Ke3 Ra6 40.a4 Re6+ 41.Kf2 
f4 42.gxf4+ Kxf4 43.Rg1 Rh6 44.Kg2 g3 45.Rf1+ Kg4 46.Kg1 Rh2 47.Rf7 Rxc2 
48.Rxa7 Rxb2 49.a5 Ra2 50.a6 Kf3 51.Rf7+ Ke3 52.Rc7 Rxa6 53.Rxc5 Rb6 0-1

[Event "VII Festival Magistrale"]
[Site "Montecatini Terme ITA"]
[Date "1998.08.01"]
[Round "1"]
[White "Rupp, Markus"]
[Black "Cavatorta, Fosco"]
[Result "1-0"]
[WhiteElo "2235"]
[BlackElo "1923"]
[PlyCount "117"]
[EventDate "1998.08.01"]

1.d4 Nc6 2.c4 e5 3.d5 Nce7 4.Nc3 Ng6 5.Nf3 Nf6 6.g3 Bb4 7.Bd2 O-O 8.Bg2 d6
9.Qc2 Nh5 10.a3 Bc5 11.Rc1 a6 12.b4 Bb6 13.Na4 Ba7 14.O-O h6 15.c5 Bd7 16.
c6 bxc6 17.dxc6 Bg4 18.e3 Qc8 19.Nc3 Bh3 20.Nd5 Bxg2 21.Kxg2 f5 22.g4 Nf6 
23.Qxf5 Qxf5 24.gxf5 Nxd5 25.fxg6 Rf6 26.Nh4 Ne7 27.a4 Nxg6 28.Nxg6 Rxg6+ 
29.Kh1 Rb8 30.Rb1 Rg4 31.Rg1 Rxg1+ 32.Kxg1 Kf7 33.Kf1 Ke6 34.Ke2 Rf8 35.f3
Rf5 36.Rg1 Kf6 37.Rg4 Rg5 38.Rxg5 Kxg5 39.e4+ Kh4 40.Be3 Bb8 41.a5 Kh3 42.
b5 axb5 43.a6 Kxh2 44.Bb6 b4 45.Bxc7 b3 46.Kd3 Bxc7 47.a7 b2 48.Kc2 Kg2 
49.a8=Q Kxf3 50.Qb7 Ba5 51.Qxg7 Kxe4 52.c7 Bxc7 53.Qxc7 d5 54.Qh7+ Kf3 55.
Qd3+ Kf4 56.Qxd5 h5 57.Kxb2 h4 58.Qg2 e4 59.Kc3 1-0